书目信息 |
| 题名: |
语言学百题
|
|
| 作者: | 王希杰 编 | |
| 分册: | ||
| 出版信息: | 上海 上海教育出版社 1983.09 |
|
| 页数: | 374页 | |
| 开本: | 19cm | |
| 丛书名: | ||
| 单 册: | ||
| 中图分类: | H0-44 | |
| 科图分类: | ||
| 主题词: | 语言学--习题 | |
| 电子资源: | ||
| ISBN: | ||
| 000 | 00503nam0 2200193 45 | |
| 001 | 0303030801 | |
| 005 | 20060815111302.90 | |
| 010 | @dCNY0.81 | |
| 091 | @a9150.56 | |
| 100 | @a20030303d1983 km y0chiy0120 ea | |
| 101 | 0 | @achi |
| 200 | 1 | @a语言学百题@AYu Yan Xue Bai Ti@f王希杰编@FWang Xi Jie Bian |
| 210 | @a上海@c上海教育出版社@d1983.09 | |
| 215 | @a374页@d19cm | |
| 606 | 0 | @a语言学@x习题 |
| 690 | @aH0-44@v4 | |
| 701 | 0 | @a王希杰@Awang xi jie@4编 |
| 801 | @aCN@bTSTC@c20060815 | |
| 905 | @dH0-44@e23 | |
| 语言学百题/王希杰编.-上海:上海教育出版社,1983.09 |
| 374页;19cm |
| ISBN :CNY0.81 |
| ● |
| 相关链接 |
|
|
|
|
正题名:语言学百题
索取号:H0-44/23
 
预约/预借
| 序号 | 登录号 | 条形码 | 馆藏地/架位号 | 状态 | 备注 |
| 1 | 0099577 | 202226894 | 密集书库/ [索取号:H0-44/23] | 在馆 | |
| 2 | 0099578 | 202163906 | 密集书库/ [索取号:H0-44/23] | 在馆 | |
| 3 | 0099580 | 202226947 | 密集书库/ [索取号:H0-44/23] | 在馆 | |
| 4 | 0099581 | 202226901 | 密集书库/ [索取号:H0-44/23] | 在馆 | |
| 5 | 0113845 | 202226956 | 密集书库/ [索取号:H0-44/23] | 在馆 | |
| 6 | 0113846 | 000817272 | 第四借阅区/ [索取号:H0-44/23] | 在馆 | |
| 7 | 0113847 | 202226885 | 密集书库/ [索取号:H0-44/23] | 在馆 | |
| 8 | 0113848 | 000817281 | 第二样本阅览室/ [索取号:H0-44/23] | 在馆 | |
| 9 | 0113849 | 000817469 | 第四借阅区/ [索取号:H0-44/23] | 在馆 | |
| 10 | 0229843 | 002025677 | 第四借阅区/ [索取号:H0-44/23] | 在馆 | |
| 11 | 0229844 | 001756335 | 密集书库/ [索取号:H0-44/23] | 在馆 | |
| 12 | 0450755 | 204507550 | 密集书库/ [索取号:H0-44/23] | 在馆 | |
| 13 | 0450756 | 204507569 | 密集书库/ [索取号:H0-44/23] | 在馆 | |
| 14 | 0450757 | 204507578 | 密集书库/ [索取号:H0-44/23] | 在馆 | |
| 15 | 0450758 | 204507587 | 密集书库/ [索取号:H0-44/23] | 在馆 | |
| 16 | 0462830 | 204628304 | 密集书库/ [索取号:H0-44/23] | 在馆 |